000 00971nam a2200313Ia 4500
003 OSt
005 20221007123115.0
006 a|||||r|||| 00| 0
007 ta
008 221006b |||||||| |||| 00| 0 eng d
020 _a9783319460024 (PBK)
024 _a200526
037 _b940, 12/02/2019, Satyam Books Pvt. Ltd.
_cTextual
040 _aPAPL
_cPAPL
_beng
041 _2eng
_aeng
082 _aB245, Q7 Carpa
100 _aYdri Badis
_9716483
245 0 _aLectures on matrix field theory
260 _aSwitzerland
_bSpringer
_c2017
300 _axii,352p. ill
_ccm.
490 _aLecture notes in physics 929
500 _aIndex 351-352p.
650 _a Multitrace approach
_9716484
650 _a Nocommutative gauge theory
_9716485
650 _a The fuzzy sphere
_9716486
650 _aPhysics
942 _hB245, Q7 Carpa
_cTEXL
_2CC
999 _c1211387
_d1211387